108 Movies of 2008 (Clickable) Quiz Stats

 Plays Quiz not verified by Sporcle

Challenge
Share
Tweet
Embed
Score 0/108 Timer 20:00
0 Plays Today
% Correct
Iron Man
87.9%
Madagascar: Escape 2 Africa
87.1%
The Dark Knight
87%
The Chronicles of Narnia: Prince Caspian
86.7%
The Curious Case of Benjamin Button
86.2%
Taken
84.9%
The Sisterhood of the Travelling Pants 2
84.9%
Saw V
84.8%
Slumdog Millionaire
84.3%
Twilight
83.8%
Frost|Nixon
83.8%
Quantum of Solace
83.7%
Indiana Jones and the Kingdom of the Crystal Skull
83.5%
Four Christmases
83.5%
WALL.E
83.4%
The X-Files: I Want to Believe
83%
Sex and the City
82.9%
Zack and Miri Make a Porno
82.9%
27 Dresses
82.6%
Forgetting Sarah Marshall
82.6%
Horton Hears a Who!
82.4%
Milk
82.3%
Gran Torino
81.9%
Kung Fu Panda
81.9%
Marley & Me
81.6%
Step Brothers
81%
21
81%
10,000 BC
80.8%
Valkryie
80.1%
Mamma Mia!
79.9%
Death Race
79.9%
Cloverfield
79.6%
Baby Mama
79.4%
Be Kind Rewind
79.3%
The Other Boleyn Girl
79.1%
Speed Racer
78.5%
% Correct
Tropic Thunder
78.3%
Bolt
78.3%
Hancock
78.3%
You Don't Mess with the Zohan
77.9%
Igor
77.9%
In Bruges
77.2%
Burn After Reading
76.9%
High School Musical 3: Senior Year
76.8%
Leatherheads
76.6%
The Wrestler
75.7%
Seven Pounds
75%
The Boy in the Striped Pyjamas
75%
Bedtime Stories
74.7%
Doubt
74.3%
Journey to the Center of the Earth
73.5%
Step Up 2: The Streets
73.2%
Changeling
73.2%
Rachel Getting Married
72.7%
The Duchess
72.5%
Vantage Point
72.2%
Role Models
70.6%
Semi-Pro
70.6%
Jumper
70.5%
Get Smart
68.6%
Disaster Movie
67.3%
The Rocker
67.3%
Vicky Cristina Barcelona
67.2%
Nim's Island
67.2%
Lakeview Terrace
66.2%
Revolutionary Road
65.3%
Pineapple Express
65.1%
Ghost Town
65.1%
The Happening
65%
Hunger
64.8%
Son of Rambow
64.7%
Sex Drive
64.4%
% Correct
Angus, Thongs and Perfect Snogging
63.9%
Wanted
63.4%
Drillbit Taylor
63.3%
Definitely, Maybe
62.8%
Over Her Dead Body
62.8%
Penelope
62.3%
Fool's Gold
62%
Nick and Norah's Infinite Playlist
62%
Australia
59.7%
The Spiderwick Chronicles
59.3%
Mad Money
59.2%
Happy-Go-Lucky
58.7%
Strange Wilderness
58.2%
The Reader
58.1%
Synecdoche, New York
57.9%
Bottle Shock
57.9%
What Happens in Vegas
55.9%
The Women
55.6%
Never Back Down
54.6%
Body of Lies
54.6%
Flash of Genius
54.3%
Righteous Kill
54.2%
Wild Child
53.7%
Let the Right One In
53.4%
Inkheart
52.6%
Meet Dave
51.6%
How to Lose Friends and Alienate People
49.3%
Last Chance Harvey
49.3%
Max Payne
48.5%
Nights in Rodanthe
47.9%
Teeth
47.4%
The Spirit
43.2%
The Wackness
36.7%
The Accidental Husband
33%
The Edge of Love
31.4%
What Just Happened
31.2%

You're not logged in!

Compare scores with friends on all Sporcle quizzes.
OR
Log In

You Might Also Like...

Show Comments

Extras

Created Nov 9, 2014ReportNominate
Tags:Movie Titles Quiz

Top Quizzes Today


Score Distribution

Your Account Isn't Verified!

In order to create a playlist on Sporcle, you need to verify the email address you used during registration. Go to your Sporcle Settings to finish the process.

Report this User

Report this user for behavior that violates our Community Guidelines.

Details: